Districts of Portugal Quiz - Statistics

General Stats
  • This quiz has been taken 6 times
  • The average score is 17 of 20
Answer Stats
District % Correct
Faro
100%
Lisbon
100%
Porto
100%
Aveiro
83%
Azores
83%
Beja
83%
Braga
83%
Bragança
83%
Castelo Branco
83%
Coimbra
83%
Évora
83%
Guarda
83%
Leiria
83%
Madeira
83%
Santarém
83%
Setúbal
83%
Viana do Castelo
83%
Vila Real
83%
Viseu
83%
Portalegre
67%
No matching quizzes found
Score Distribution
Percent of People with Each Score
Percentile by Number Answered
Your Score History
You have not taken this quiz